| 000 | 00973cam a22002894a 4500 | ||
|---|---|---|---|
| 001 | 12290356 | ||
| 003 | PILC | ||
| 005 | 20150921154926.0 | ||
| 008 | 010126s2001 maua 001 0 eng | ||
| 010 | _a 2001022044 | ||
| 020 | _a9781440531323 (pbk.) | ||
| 020 | _a1580624936 (pbk.) | ||
| 040 |
_aDLC _cDLC _dDLC |
||
| 042 | _apcc | ||
| 050 | 0 | 0 |
_aHF 5549.5.I6 _b.Ad28 2001 |
| 082 | 0 | 0 | _a650.14 |
| 100 | 1 |
_aAdams, Bob, _d1955- |
|
| 245 | 1 | 4 |
_aThe everything job interview book / _cBob Adams. |
| 260 |
_aHolbrook, MA : _bAdams Media, _c2001. |
||
| 300 |
_aix, 307 pages ; _billustrations ; _c24 cm. |
||
| 500 | _aIncludes index. | ||
| 650 | 0 | _aEmployment interviewing. | |
| 650 | 0 | _aJob hunting. | |
| 906 |
_a7 _bcbc _corignew _d1 _eocip _f20 _gy-gencatlg |
||
| 942 |
_2lcc _cBK _kFOR |
||
| 999 |
_c288713 _d288713 |
||